000 00938nam a22002897a 4500
001 BR2016002142
003 BR-BrBNA
005 20230928104856.0
007 ta
008 230509b bl.||||| |||| 00| 0 por d
040 _aBR-BrBNA
_bpor
_cBiblioteca Nacional de Agricultura
041 _a(Por)
072 _aP01
090 _ P01 BR2016002142
110 1 _aInstituto Alberto Luiz Coimbra de Pós-Graduação e Pesquisa de Engenharia, Rio de Janeiro, RJ (Brasil)
_95662
110 1 _aPrefeitura do Rio de Janeiro, RJ (Brasil)
245 1 _aInventário e cenário de emissões dos gases de efeito estufa da cidade do Rio de Janeiro
260 3 _aRio de Janeiro, RJ (Brasil):
_c2011.
300 _a97 p.
500 _aBibliography p. 92-97; 21 graphs.; 58 tables
650 _aINVENTÁRIO
650 _aGÁS
650 _aEFEITO ESTUFA
650 _aRIO DE JANEIRO
909 _a202309
_bLucia
_c55
_dLucia Elande
942 _cBK
999 _c82212
_d82212